| 000 | 01854nam a22003257a 4500 | ||
|---|---|---|---|
| 003 | OSt | ||
| 005 | 20260327150207.0 | ||
| 008 | 260327t1995 xxu||||| |||| 00| 0 spa d | ||
| 020 | _a9788433813039 | ||
| 040 |
_aUnicoc _bspa _c00001 _d00001 |
||
| 082 | _a150.1943 | ||
| 100 |
_912814 _aSegura Gálvez, Mariana |
||
| 245 |
_aAnálisis funcional de la conducta _b: un modelo explicativo _c/ Mariana Segura Gálvez, Pilar Sánchez Prieto, Pilar Barbado Nieto |
||
| 250 | _a2 Ed. | ||
| 260 |
_aEspaña : _bUniversidad de Granada , _c1995 |
||
| 300 |
_a260 páginas _bDiagramas, tablas |
||
| 500 | _aIncluye Referencias Bibliográficas | ||
| 505 |
_tParte primera: Fundamentos teóricos de la ciencia del comportamiento. -- _tCapítulo 1. Evolución de los modelos explicativos del comportamiento humano en la Psicología científica. -- _tCapítulo 2. Revisión de algunos conceptos y principios del aprendizaje. -- _tParte segunda: El modelo interconductual y el análisis funcional. -- _tCapítulo 3. El análisis funcional de la conducta. -- _tCapítulo 4. El modelo interconductual. -- _tParte tercera Aplicaciones del análisis funcional. -- _tCapítulo 5 Análisis funcional en contextos aplicados. -- _tCapítulo 6 Análisis de casos y supuestos prácticos. |
||
| 526 | _5Unicoc | ||
| 546 | _aEspañol | ||
| 650 | 0 |
_912786 _aConducta humana |
|
| 650 | 0 |
_910094 _aPsicología Cognitiva |
|
| 650 | 0 |
_912802 _aPsicología del comportamiento |
|
| 650 | 0 |
_912799 _aCondicionamiento operante |
|
| 658 | 0 |
_910741 _aPrograma de Psicología |
|
| 700 |
_912815 _aSánchez Prieto,Pilar |
||
| 700 |
_912816 _aBarbado Nieto, Pilar |
||
| 856 |
_uhttps://unicoceduco-my.sharepoint.com/:b:/g/personal/direccionbiblioteca_unicoc_edu_co/IQCden6DD2etTLGtCRN_U-vQAfNbvuigxciDkYrYZe8hCqM _yAcceso online exclusivo para comunidad Unicoc. |
||
| 942 |
_2ddc _cEBOOK |
||
| 999 |
_c10793 _d10793 |
||